000 006830000a22002530004500
500 _aBibliography p.80-81
650 _aEthnic groups
650 _aEconomic conditions
650 _aCulture
650 _aSocial conditions
651 _aNepal
650 _aChamar jati
082 _aN305.8
_bKo446s
_cD
518 _a20050309
530 _aDis
100 _aKoirala, Rajendra Prasad
245 _aSaptari jilla Basvihi Ga. vi. Sa. Chamar jatiko samajik tatha arthik avastha ek adhyayan
260 _aKathmandu, Nepal
502 _aDissertation
_bDegree in Sociology, Tribhuvan University
260 _c2060 B.S.
300 _a81p.
041 _aNep
942 _cGEN
999 _c33231
_d33231